书目信息 |
| 题名: |
西汉会要
|
|
| 作者: | 徐天麟 撰 | |
| 分册: | 上册 | |
| 出版信息: | 北京 中华书局 1977 |
|
| 页数: | 328页 | |
| 开本: | 19cm | |
| 丛书名: | ||
| 单 册: | ||
| 中图分类: | Z121.6 , D691.5 , D691.5 | |
| 科图分类: | ||
| 主题词: | 古籍--中国--丛刊 , 政治--中国 | |
| 电子资源: | ||
| ISBN: | ||
| 000 | 00755nam2 2200277 45 | |
| 001 | 0188021809 | |
| 005 | 20071206092020.98 | |
| 010 | @dCNY1.85 | |
| 020 | @aCN@b88021809 | |
| 100 | @a19910417d1977 km y0chiy0120 ea | |
| 101 | 0 | @achi |
| 102 | @aCN@b110000 | |
| 105 | @ay z 000yy | |
| 200 | 10 | @a西汉会要@h上册@Axi han hui yao@f(宋)徐天麟撰@F( song ) xu tian lin zhuan |
| 210 | @a北京@c中华书局@d1977 | |
| 215 | @a328页@d19cm | |
| 300 | @a徐天麟,宋文人,字仲祥 | |
| 540 | 1 | @a西汉会要@Axi han hui yao |
| 606 | @a古籍@y中国@x丛刊 | |
| 606 | 0 | @a政治@x中国 |
| 690 | @aZ121.6@v1980 | |
| 690 | @aD691.5@v1980 | |
| 690 | @aD691.5@v4 | |
| 701 | 0 | @a徐天麟@Axu tian lin@4撰 |
| 801 | 0 | @aCN@bNLC@c20071206 |
| 905 | @f2@b31732-733@dD691.5@e14:1 | |
| 西汉会要.上册/(宋)徐天麟撰.-北京:中华书局,1977 |
| 328页;19cm |
| 徐天麟,宋文人,字仲祥 |
| ISBN :CNY1.85 |
| ● |
| 相关链接 |
|
|
|
|
正题名:西汉会要
索取号:D691.5/14:1
 
预约/预借
| 序号 | 登录号 | 条形码 | 馆藏地/架位号 | 状态 | 备注 |
| 1 | 0031732 | 001892624 | 密集书库/ [索取号:D691.5/14:1] | 在馆 | |
| 2 | 0031733 | 001892633 | 密集书库/ [索取号:D691.5/14:1] | 在馆 |